Sosyal politika boyutunda Federal Almanya'da esnek çalışma modelleri (Record no. 4779)

MARC details
000 -BAŞLIK
Sabit Uzunlukta Kontrol Alanı 01000na a2200277 4500
001 - KONTROL NUMARASI
Denetim Alanı 18722
003 - KONTROL NUMARASI IDENTIFIER
Denetim Alanı MIRAKIL
005 - SON İŞLEM TARİHİ VE ZAMANI
Denetim Alanı 20181213155018.0
008 - SABİT-BOY VERİ ELEMANLARI - GENEL BİLGİLER
Sabit Uzunlukta Kontrol Alanı 161125b tu 000 0
020 ## - ULUSLARARASI STANDART KİTAP NUMARASI
Uluslararası Standart Kitap Numarası 97525452529
035 ## - SİSTEM KONTROL NUMARASI
Sistem Kontrol Numarası 18722
040 ## - KATALOGLAMA KAYNAK
Orijinal Kataloglama Ajansı Milas
Kataloglama Dili tur
Metne Dönüştürmek Ajansı TR-AnCHP
041 ## - DİL KODU
Metin / Ses Parça Veya Ayrı Başlığın Dil Kodu tur
082 ## - DEWEY ONLU SINIFLANDIRMA NUMARASI
Sınıflandırma Numarası 344.0125743
Ürün Numarası H34 2006
090 ## - SINIFLAMA NUMARASI
Sınıflama Numarası 344.0125743 H34 2006
100 ## - ANA GİRİŞ - KİŞİSEL İSİM
Kişisel Ad Hekimler, Alpay
245 ## - BAŞLIK TABLOSU
Başlık Sosyal politika boyutunda Federal Almanya'da esnek çalışma modelleri
Başlığın Kalan Avrupa Birliği ve Federal Almanya Mevzuatı dışında Türkiye için perspektifler
Sorumluluk Tablosu, Vb Alpay Hekimler
246 ## - UNVAN FORM VARYING
Başlık Doğru / Kısa Başlığı Avrupa Birliği ve Federal Almanya Mevzuatı dışında Türkiye için perspektifler
260 ## - YAYIN, DAĞITIM, VB
Yayın, Dağıtım, Vb Yeri 220 s.
Yayıncı, Dağıtıcı, Vs Adı Türkiye İşveren Sendikaları Konfederasyonu (TİSK)
Yayın, Dağıtım, Vb Tarihi 2006
300 ## - FİZİKSEL TANIM
Kapsam 220 s.
Boyutlar 24 sm.
490 ## - SERİSİ TABLOSU
Seri Beyanı Türkiye İşveren Sendikaları Konfederasyonu
Hacim / Ardışık Tanımı 263
500 ## - GENEL NOT
Genel Not Kaynakça var.
650 ## - KONU KATMA GİRİŞ - TOPİKAL DÖNEM
Topikal Süreli Veya Coğrafi Ad Giriş Elemanı Çalışma saatleri
Coğrafi Alt Bölümü Almanya
650 ## - KONU KATMA GİRİŞ - TOPİKAL DÖNEM
Topikal Süreli Veya Coğrafi Ad Giriş Elemanı İş hukuku
Coğrafi Alt Bölümü Almanya
942 ## - EKLENDİ GİRİŞ ELEMANLARI (KOHA)
Sınıflandırma Veya Raf Düzeni Kaynak
Koha Öğesi Türü Books
999 ## - SİSTEM KONTROL NUMARALARI (KOHA)
Koha Biblionumber 4779
Koha Biblioitemnumber 4779
Holdings
Kalıcı Konum Mevcut Konum Edinme Tarihi Edinim Kaynak Toplam Check-Out'Lar Tam Çağrı Numarası Barkod Tarih Son Görülme İtibaren Geçerli Fiyatlar Koha Öğesi Türü
CHP Kütüphanesi CHP Kütüphanesi 11/25/2016 Bağış   344.0125743 H34 2006 009698 11/25/2016 11/25/2016 Books